| 000 | 00897cam a2200217 4500 | ||
|---|---|---|---|
| 001 | WB3819-04 | ||
| 008 | 020520n2002 000 0 eng u | ||
| 035 | _a(Sirsi) u118053 | ||
| 245 | _aBirth of new contract | ||
| 260 | _c2002 | ||
| 490 |
_aProject _v15(1) May 2002, 6(1) |
||
| 520 | _aThe Association of Consultant Architects has launched SPC2000, a specialist standard contract form for project partnering, following in the success of the original PPC2000 contract. SPC2000 is aimed at sub-contractors and reflects the requirements of the construction industry and the Movement for Innovation. | ||
| 590 | _aWB | ||
| 650 | _aSPC 2000 | ||
| 650 | _aASSOCIATION OF CONSULTANT ARCHITECTS | ||
| 650 | _aPROJECT PARTNERING | ||
| 650 | _aSPECIALIST CONTRACTS | ||
| 650 | _aBUILT ENVIRONMENT-BUILDING CONTRACT FORMS | ||
| 690 | _aBUILT ENVIRONMENT-BUILDING CONTRACT FORMS | ||
| 942 | _n0 | ||
| 999 |
_c70296 _d70296 |
||